000 00648nam a2200265Ia 4500
005 20260324153142.0
008 008 260324s9999 xx 000 0 eng d
020 _a9780081004531
037 _aEBOOK
040 _aCRL
040 _beng
040 _cCRL
041 _2eng
041 _aeng
084 _qCRL
100 _aDolez, Patricia
_91229160
245 0 _aAdvanced Characterization and Testing of Textiles
260 _bElsevier
260 _c2017
650 _aMaterials Science
856 _uhttps://www.sciencedirect.com/science/book/9780081004531
942 _cEBOOK
999 _c1841972
_d1841972